| 000 | 00439cam a2200181ua 4500 | ||
|---|---|---|---|
| 020 | _c16.00 | ||
| 041 |
_aeng _h |
||
| 082 |
_a530 _bYAR/ IN |
||
| 100 | _aYarwood, T M . | ||
| 245 |
_aIntermediate paractical physics / _cT M Yarwood. _hTextual Documents |
||
| 250 |
_a3 / _b. |
||
| 260 |
_aNew York : _bMcMillan and company , _c1961. |
||
| 300 | _a353 ; . | ||
| 365 | _a16.00 | ||
| 504 | _a | ||
| 942 | _cBK | ||
| 999 |
_c203 _d203 |
||